MARC

LEADER 00000nam0a2200000 4500
001 358104
005 20231102011047.0
035 |a (RuTPU)RU\TPU\retro\15372 
090 |a 358104 
100 |a 20200812d1870 m y0rusy50 ca 
101 1 |a rus  |c ger 
102 |a RU 
105 |a a z 000zy 
200 1 |a Расчет ферм железных мостов. (Bau der Brückenträger)  |e пер. с нем.  |f Ф. Лессль, А. Шюблер  |g пер. Н. А. Белелюбского 
210 |a Санкт-Петербург  |c Типография Товарищества "Общественная Польза"  |d 1970 
215 |a 226 с.  |c ил. 
300 |a Текст в русской дореформенной орфографии 
300 |a Дозволено цензурою. С.-Петербург, 19 января 1870 г. 
316 |5 63413507: 95//22  |a На авантитуле владельческий печатный экслибрис: "Библиотека Инженера А. А. Мейнгард. № 17. Цена ... р. ... к." 
316 |5 63413507: 95//22  |a На авантитуле владельческий знак, блинтовое тиснение «Инженер А. А. Мейнгард» 
317 |5 63413507: 95//22  |a Поступил в НТБ в 1912 г. в составе книжного собрания инженера А. А. Мейнгарда 
606 1 |a Конструктивные элементы мостов  |2 stltpush  |3 (RuTPU)RU\TPU\subj\15408  |9 41650 
606 1 |a Мосты  |2 stltpush  |3 (RuTPU)RU\TPU\subj\44505  |9 63821 
610 1 |a железные мосты 
610 1 |a балочные мосты 
610 1 |a прочность 
610 1 |a строительные материалы 
610 1 |a балки 
610 1 |a опоры 
610 1 |a фермы 
610 1 |a действующие силы 
610 1 |a Коллекция А. А. Мейнгарда 
610 1 |a владельческие знаки 
610 1 |a дары библиотеке 
610 1 |a расчет на прочность 
610 1 |a пролетные части 
675 |a 624.1  |v 3 
700 1 |a Лессль  |b Ф. 
701 1 |a Шюблер  |b А. 
702 1 |a Белелюбский  |b Н. А.  |c русский инженер  |c ученый в области строительной механики и мостостроения  |f 1845-1922  |g Николай Апполонович  |2 stltpush  |3 (RuTPU)RU\TPU\pers\23595  |4 730  |9 10292 
801 1 |a RU  |b 63413507  |c 20200812 
801 2 |a RU  |b 63413507  |c 20221012  |g RCR 
942 |c BK